| 000 | 00565nam a22001817a 4500 | ||
|---|---|---|---|
| 005 | 20251108165017.0 | ||
| 008 | 250721s1986 xx 000 0 ara d | ||
| 082 | 1 | 4 | _a537.02854/باس |
| 100 | 1 | _aتفاحة، باسل | |
| 245 | 1 | 0 | _aتطبيقات الفيزياء الكهربية بإستخدام الميكروكومبيوتر / |
| 264 | 1 |
_aبيروت : _bدار الراتب الجامعية، _c1986. |
|
| 300 | _a2ج | ||
| 650 | 1 | 7 | _aالفيزياء |
| 650 | 1 | 7 | _aالكهرباء |
| 650 | 1 | 7 | _aالحواسيب |
| 942 |
_2ddc _cBK |
||
| 999 |
_c19819 _d19819 |
||